| 000 | 00917nam a22002773i 4500 | ||
|---|---|---|---|
| 999 |
_c7782 _d7782 |
||
| 001 | 991061034091706706 | ||
| 003 | OSt | ||
| 005 | 20231003115551.0 | ||
| 006 | m o d | | ||
| 007 | cr cnu|||||||| | ||
| 008 | 230916s2023 xx o ||||0 spa d | ||
| 020 | _a8417880836 | ||
| 035 | _a(MiAaPQ)EBC30742641 | ||
| 035 | _a(Au-PeEL)EBL30742641 | ||
| 035 | _a(EXLCZ)9928223007500041 | ||
| 040 |
_aMiAaPQ _beng _erda _epn _cCDMR |
||
| 100 | 1 | _aCasas-Alatriste, Roger. | |
| 245 | 1 | 0 |
_aTu atención, por favor : _bclaves para captar la atención y generar contenidos sostenibles _c/ Roger Casas-Alatriste ; prólogo de Elena Neira |
| 264 | 1 |
_aMadrid : _bLid Editorial Empresarial S.L., _c2023. |
|
| 300 | _a174 pàgines | ||
| 650 | 0 |
_94887 _aAtenció |
|
| 650 | 0 |
_92367 _aComunicació _xAspectes psicològics |
|
| 650 | 0 |
_94161 _aMàrqueting digital _xAspectes psicològics |
|
| 906 | _aBOOK | ||
| 942 |
_2udc _cMON |
||